ბათუმის შოთა რუსთაველის სახელმწიფო უნივერსიტეტის ბიბლიოთეკა

ოკეანის გამოცანა (ბიბ.ჩანაწერი № 48639)

000 -LEADER
fixed length control field 00932nam a2200217Ia 4500
001 - CONTROL NUMBER
control field 15539
003 - CONTROL NUMBER IDENTIFIER
control field GE_BSU
008 - FIXED-LENGTH DATA ELEMENTS--GENERAL INFORMATION
fixed length control field 181216s||||||||xx |||||||||||||| ||und||
040 ## - CATALOGING SOURCE
Transcribing agency GE_BSU
100 ## - MAIN ENTRY--PERSONAL NAME
Personal name ბელკოვიჩი, ვ. და სხვა
245 ## - TITLE STATEMENT
Title ოკეანის გამოცანა
245 ## - TITLE STATEMENT
Remainder of title ძიებები და აღმოჩენები ვეშაპებსა და დელფინებზე
245 ## - TITLE STATEMENT
Statement of responsibility, etc. თარგმნა ზ. ლომიძისა და ვ. ჯოხაძისა
260 ## - PUBLICATION, DISTRIBUTION, ETC.
Place of publication, distribution, etc. თბილისი
260 ## - PUBLICATION, DISTRIBUTION, ETC.
Name of publisher, distributor, etc. ნაკადული
260 ## - PUBLICATION, DISTRIBUTION, ETC.
Date of publication, distribution, etc. 1971.
300 ## - PHYSICAL DESCRIPTION
Extent 207გვ.ილ. 12 ფ. ილ.20სმ.
653 ## - INDEX TERM--UNCONTROLLED
Uncontrolled term ოკეანის გამოცანა
653 ## - INDEX TERM--UNCONTROLLED
Uncontrolled term ძიებები და აღმოჩენები ვეშაპებსა და დელფინებზე
942 ## - ADDED ENTRY ELEMENTS (KOHA)
Koha item type წიგნი
ეგზემპლარები
Withdrawn status Lost status Damaged status Not for loan Date acquired Barcode Date last seen Price effective from Koha item type
        2018-12-17 21130 2018-12-17 2018-12-17 წიგნი